| 000 | 03167cam a2200529Mc 4500 | ||
|---|---|---|---|
| 003 | PE-LiUPU | ||
| 005 | 20250731183340.0 | ||
| 008 | 140320s2013 sp a r 000 1 spa d | ||
| 020 | _a8494003283 | ||
| 020 | _a9788494003288 | ||
| 035 | _a(Sirsi) i9788494003288 | ||
| 040 |
_aESPLC _bspa _cESPLC _dBNM _dPE-LiUPU _erda |
||
| 041 | 1 |
_aspa _hpol |
|
| 049 | _aPRUA | ||
| 050 | 4 |
_aNA7120 _bM5918.2013 |
|
| 080 | _a087.5:72 | ||
| 082 | 0 | 4 |
_a728 _bM66 _222 |
| 100 | 1 |
_aMizielinska, Aleksandra, _d1982- , _eautor. |
|
| 245 | 1 | 0 |
_aCasas : _bconfortables, atrevidas, singulares, atractivas, sorprendentes / _cAleksandra Mizieliński, Daniel Mizieliński, traducción Anna Gibert. |
| 250 | _aPrimera edición. | ||
| 264 | 1 |
_a[Barcelona] : _bCoco books, _c2013. |
|
| 300 |
_a155 páginas : _bilustraciones ; _c21 centímetros |
||
| 336 |
_atext _2rdacontent |
||
| 337 |
_aunmediated _2rdamedia |
||
| 338 |
_avolume _2rdacarrier |
||
| 505 | 0 | _aÍndice de casas en europa: Casa luna -- casa mariposa -- casa transparente -- Esfinges en el agua -- Casa pera -- Casas azules en el tejado -- La casa bajo un barril -- Casa de escaleras -- Casa ascensor -- Casa burbuja -- Casa vela -- Casa estrellada -- Casa tortuga -- Casa ovni -- casa enorme con pinchos -- casa hinchable -- casa tubería -- casa madriguera -- Casa mochila -- Casa iglú -- Casa con patas largas -- Casa madriguera -- Casa avellana -- Casa modular prefabricada -- Casa en el viento -- Casa en el fin del mundo -- Casa para los sintecho -- Casa contenedor -- Casa maleta -- Casa 4 x 4 -- Casa de arena -- Casa zigzag -- Casa oruga -- Casa huevo -- Casa para tomar el té. | |
| 520 | _a¿Quién no ha jugado bajo una mesa imaginando que era su casa? ¡A todos los niños les gusta jugar a las cabañas?! En este libro encontraréis 35 obras arquitectónicas que parecen surgidas de la imaginación de un niño. Casas construidas por todo el mundo de arquitectos reconocidos, que han aportado ingenio, creatividad ilimita da y con ideas de bombero. | ||
| 526 | _aP158 | ||
| 526 | _aP146 | ||
| 526 | _aP17 | ||
| 526 | _aP12 | ||
| 526 | _aP06 | ||
| 534 |
_pTítulo original : _tD.O.M.E.K |
||
| 541 | _g003-001041; | ||
| 586 | _aPrimer premio en Diseño gráfico en 2008 por Ibby, Polonia ; Primer premio de "Child-friendly World", Polonia; Premio 2010 Libro de Arquitectura por el DAM (Deutsches Architekturmuseum) | ||
| 650 | 1 |
_aArquitectura- _vLibros infantiles y juveniles. |
|
| 650 | 1 |
_aCasas- _vLibros infantiles y juveniles. |
|
| 650 | 7 |
_aViviendas _vLibros infantiles. _2embne |
|
| 700 | 1 |
_aGibert, Anna, _etraductor. |
|
| 700 | 1 |
_aMizielinski, Daniel, _eautor. |
|
| 910 |
_ajck _b _caqs _d20150112 |
||
| 942 |
_2ddc _cBOOK |
||
| 949 |
_a728 M66 _wDEWEY _c1 _i72375 _lCCODEBUL1 _mBUL _p24.49 _r0 _sY _tBOOK _u2016-1-11 _xINGENIERIA _PP06 _0COMPRA _o.STAFF. Colección General |
||
| 994 |
_aC0 _bPEPRU |
||
| 596 | _a1 | ||
| 999 |
_a728 M66 _wDEWEY _c8362 _i72375 _d8362 _e2019-4-14 _f2021-11-30 _g8 _lCCODEBUL1 _mBUL _n7 _p24.49 _q4 _r0 _sY _tBOOK _u2016-1-11 _xINGENIERIA _PP06 _0COMPRA _o.STAFF. Colección General |
||
| 980 |
_81 _gALBERTO SANCHEZ Responsable de Automatización |
||